Sports Quiz

Random Sports or Baseball Quiz

Two-Team MLB HoFers Quiz Stats

 Plays Quiz not verified by Sporcle

Challenge
Share
Tweet
Embed
Score 0/45 Timer 08:00
0 Plays Today
Teams Player % Correct
Giants, MetsWillie Mays
88.1%
Red Sox, White SoxCarlton Fisk
82.5%
Yankees, MetsYogi Berra
77.5%
Cubs, PhilliesRyne Sandberg
77.5%
Braves, BrewersHank Aaron
76.3%
Colonels, PiratesHonus Wagner
74.4%
Senators/Twins, RoyalsHarmon Killebrew
74.4%
Cardinals, PadresOzzie Smith
72.5%
Angels, TwinsRod Carew
71.3%
Tigers, AthleticsTy Cobb
66.3%
Cardinals, CubsLou Brock
60.6%
White Sox, CubsRon Santo
58.8%
Athletics, YankeesCatfish Hunter
56.3%
Cubs, AthleticsBilly Williams
53.8%
White Sox, AthleticsEddie Collins
51.3%
Tigers, PhilliesHank Greenberg
49.4%
Giants, RedsChristy Mathewson
45.6%
Yankees, IndiansJoe Gordon
45%
Athletics, Red SoxLefty Grove
39.4%
Athletics, TigersMickey Cochrane
36.9%
Tigers, RedsSam Crawford
34.4%
Giants, CardinalsFrankie Frisch
33.8%
Senators, IndiansSam Rice
32.5%
Teams Player % Correct
Tigers, RedsHarry Heilmann
31.3%
Yankees, SenatorsLefty Gomez
30.6%
Indians, Red SoxLou Boudreau
30%
Tigers, IndiansHal Newhouser
28.8%
Pirates, RobinsArky Vaughan
27.5%
Athletics, YankeesFrank Baker
26.3%
Yankees, CubsFrank Chance
25.6%
Cubs, Reds**Joe Tinker
24.4%
Giants, CubsGabby Hartnett
24.4%
Pirates, ColonelsFred Clarke
23.8%
White Sox, BravesEd Walsh
23.8%
Athletics, Browns**Eddie Plank
20.6%
Indians, YankeesJoe Sewell
19.4%
Robins, AthleticsZack Wheat
19.4%
Reds, PhilliesEppa Rixey
17.5%
Giants, CubsMonte Irvin
15.6%
Pirates, RobinsMax Carey
15.6%
Red Sox, White SoxHarry Hooper
14.4%
Cardinals, RedsChick Hafey
13.1%
Trojans, GiantsMickey Welch
13.1%
White Sox, GiantsRay Schalk
12.5%
Cardinals, RedsJesse Haines
9.4%

You're not logged in!

Compare scores with friends on all Sporcle quizzes.
OR
Log In

You Might Also Like...

Show Comments

Extras

Top Quizzes Today


Score Distribution

Your Account Isn't Verified!

In order to create a playlist on Sporcle, you need to verify the email address you used during registration. Go to your Sporcle Settings to finish the process.

Report this User

Report this user for behavior that violates our Community Guidelines.

Details: